000
00252nam a22000857a 4500
008
160711b xxu||||| |||| 00| 0 eng d
100
_9
2582
_a
Billstein
245
_a
Mathematics for Elementary School Teachers
260
_a
London
_b
The Benjamin Commings
_c
1984
999
_c
2247
_d
2247